02994 2200433 4500001002100000005001500021035002000036007000300056008004100059020002200100040002200122082001200144084001400156090002200170100012700192245035800319300006500677650001300742700011700755700012100872700013100993700014101124700013701265700012701402700014401529700013701673700013301810700012001943700011302063850001202176111014002188504002502328264008902353336002102442337003002463338002302493999002202516990002202538INLIS00000000086182720210702093604 a0010-0721000062ta2020 s2020 yoia g 0 ind d a978-979-8786-99-0 aYOPDYOGbinderda04223a910 a910 HER p aCB-D.11 2020-18030 aHeriyanto WicaksonoepenulistPerbandingan metode waldvogel dan Severe Hail Index (SHI) untuk mendeteksi kejadian hujan es10aProsiding seminar nasional geografi III :bperan keilmuan geografi dalam agenda pembangunan nasional 2019-2024 /cpenulis, Heriyanto Wicaksono, Amat Komi, Nabilla Aulia, Rizky Umul Nisa Fadhila, Mahenda Zhafir Pratama, Rois Saida Sanjaya, Prayitno, Zulfikar Ardiansyah Fajri, Elok Surya Pratiwi, Edy Trihatmoko, Muhammad Fitrah Pratama, Kuswantoro Marko aix, 980 halaman :bilustrasi, gambar, grafik, tabel ;c29 cm 4aGeografi0 aAmat KomiepenulistPerbandingan metode waldvogel dan Severe Hail Index (SHI) untuk mendeteksi kejadian hujan es0 aNabilla AuliaepenulistPerbandingan metode waldvogel dan Severe Hail Index (SHI) untuk mendeteksi kejadian hujan es0 aRizky Umul Nisa FadhilaepenulistPerbandingan metode waldvogel dan Severe Hail Index (SHI) untuk mendeteksi kejadian hujan es0 aMahenda Zhafir PratamaepenulistPengaruh perubahan penggunaan lahan terhadap debit puncak aliran permukaan di Das Beringin, Jawa Tengah0 aRois Saida SanjayaepenulistPengaruh perubahan penggunaan lahan terhadap debit puncak aliran permukaan di Das Beringin, Jawa Tengah0 aPrayitnoepenulistPengaruh perubahan penggunaan lahan terhadap debit puncak aliran permukaan di Das Beringin, Jawa Tengah0 aZulfikar Ardiansyah FajriepenulistPengaruh perubahan penggunaan lahan terhadap debit puncak aliran permukaan di Das Beringin, Jawa Tengah0 aElok Surya PratiwiepenulistPengaruh perubahan penggunaan lahan terhadap debit puncak aliran permukaan di Das Beringin, Jawa Tengah0 aEdy TrihatmokoepenulistPengaruh perubahan penggunaan lahan terhadap debit puncak aliran permukaan di Das Beringin, Jawa Tengah0 aMuhammad Fitrah PratamaepenulistDampak perubahan tutupan lahan terhadap debit aliran sungai Sub Das Ci Manuk Hulu0 aKuswantoro MarkoepenulistDampak perubahan tutupan lahan terhadap debit aliran sungai Sub Das Ci Manuk Hulu aYOPDYOG2 aPeran Keilmuan Geografi Dalam Agenda Pembangunan NasionalcAuditorium Merapi Fakultas Geografi Universitas Gadjah Mada Yogyakartad2020 aTermasuk bibliografi31aYogyakarta :bBadan Penerbit Fakultas Geografi (BPFG) Universitas Gadjah Mada,c2020 2rdacontentateks 2rdamediaatanpa perantara 2rdacarrieravolume aCB-D.11/2020-1803 aCB-D.11/2020-1803